Voyages, relations et mémoires originaux pour servir a l'Histoire de la découverte de l'Amérique
Zapisane w:
| 1. autor: | |
|---|---|
| Format: | Książka |
| Język: | francuski |
| Wydane: |
París
Arthus Bertrand
1840
|
| Wydanie: | 1a. ed |
| Hasła przedmiotowe: | |
| Etykiety: |
Dodaj etykietę
Nie ma etykietki, Dołącz pierwszą etykiete!
|
MARC
| LEADER | 00000nam a2200000 a 4500 | ||
|---|---|---|---|
| 001 | UCJ5977 | ||
| 003 | CL-VaPUC | ||
| 008 | 070124e18400000FR |||||||||||||||||fre|d | ||
| 082 | 0 | 4 | |a 985 |b MON |2 21 |
| 100 | |a Montesinos, Fernando |e autor |9 512026 | ||
| 245 | 1 | 0 | |a Voyages, relations et mémoires originaux pour servir a l'Histoire de la découverte de l'Amérique |
| 246 | 1 | 0 | |a Mémoires historiques sur l'Ancien Pérou |
| 250 | |a 1a. ed | ||
| 300 | |a 235 p | ||
| 942 | |c BK | ||
| 945 | |d 20070124 00:00:00 |a rinostro | ||
| 260 | |a París |b Arthus Bertrand |c 1840 | ||
| 600 | 0 | 7 | |a VIRACOCHA |2 CL-VaPUC |9 509337 |
| 600 | 0 | 7 | |a HUAINA CAPAC |2 CL-VaPUC |9 508450 |
| 600 | 0 | 7 | |a TUPAC YUPANQUI |2 CL-VaPUC |9 509336 |
| 650 | 0 | |a Viajes |9 257115 | |
| 650 | 0 | |a Descubrimientos geográficos |9 331933 | |
| 650 | 7 | |a INCAS |2 CL-VaPUC |9 256565 | |
| 650 | 0 | |a Etnografía |9 309735 | |
| 651 | 0 | |a Perú |9 256567 | |
| 583 | |a last modification |c 20150116 11:07:54 |k Rodrigo Vera | ||
| 999 | |c 322085 |d 322083 | ||
| 952 | |0 0 |1 0 |4 0 |6 985_000000000000000_MON_1840 |7 0 |8 X |9 400999 |a FDOBUD |b FDOBUD |d 2019-11-22 |i 1042203 |o 985 MON 1840 |p 1042203 |r 2019-11-22 |w 2019-11-22 |y BK_X |k BUD | ||